000 00294nam a22001097a 4500
003 SGT
082 _a370,KOM
100 _aKomal-201001001
245 _aA Study of Personality in Relation to the Logical Thinking of Senior Secondary School Students of Haryana
260 _c2020
942 _2ddc
_cTH
999 _c29414
_d29414